000 01856nam a22003857a 4500
001 103616
003 KnowledgeUnlatched
005 20210303105136.0
006 m o d
007 cr u||||||||||
008 210129p20162019xx o u00| u ger d
037 _5BiblioBoard
245 0 4 _aDie Raumzeitlichkeit der Muße
_cGünter Figal, Hans W. Hubert, Thomas Klinkert.
020 _a9783161547515
029 1 _ahttps://library.biblioboard.com/ext/api/media/05f30e51-e19e-45e2-b73e-633f65983946/assets/thumbnail.jpg
040 _aScCtBLL
_cScCtBLL
506 0 _aAccess copy available to the general public.
_fUnrestricted
_2star
700 1 _aFigal, Günter
_eeditor.
700 1 _aHubert, Hans W.
_eeditor.
700 1 _aKlinkert, Thomas
_eeditor.
264 1 _bMohr Siebeck,
300 _a1 online resource (364 p.)
520 _aDie Beiträge dieses Bandes erkunden das Phänomen der Muße in seiner Räumlichkeit und in seinem Verhältnis zur Zeit. Die Untersuchungen widmen sich philosophischer Reflexion sowie literatur- und kunsthistorischer Betrachtung, mit Schwerpunkten in der Renaissance, im 18. und 19. Jahrhundert, in der Moderne und in der Gegenwart.
588 0 _aDescription based on print version record.
590 _aKU Open Services
650 7 _aSocial Science / Anthropology / Cultural & Social
_2bisacsh
650 7 _aPhilosophy
_2bisacsh
650 0 _aPhilosophy
655 0 _aElectronic books.
758 _iIs found in:
_aKnowledge Unlatched
_1https://openresearchlibrary.org/module/2774bc74-146a-484f-a7ba-ab1d6a09bbfb
856 4 0 _uhttps://openresearchlibrary.org/content/05f30e51-e19e-45e2-b73e-633f65983946
_zView this content on Open Research Library.
_70
999 _c33756
_d33756